Also Know As - Statistics

General Stats
  • This quiz has been taken 12 times
  • The average score is 7 of 21
Answer Stats
Hint Answer % Correct
Nicolas Coppola Nicolas Cage
83%
Robert Zimmerman Bob Dylan
75%
Cherilyn Sarkisian Cher
75%
Reginald Dwight Elton John
75%
Gordon Sumner Sting
75%
Louise Ciccone Madonna
67%
Alecia Moore Pink
67%
Paul Hewson Bono
50%
Tracy Marrow Ice T
42%
Abel Tesfaye The Weeknd
25%
Eric Marlon Bishop Jamie Foxx
17%
Calvin Broadus Snoop Dogg
17%
David Howell Evans The Edge
17%
Christopher Grace Topher Grace
17%
Stanley Kirk Burrell MC Hammer
8%
Michael John Douglas Michael Keaton
8%
Neta-Lee Herschlag Natalie Portman
8%
Eileen Regina Edwards Shania Twain
8%
Caryn Elaine Johnson Whoopi Goldberg
8%
Joel Thomas Zimmerman Deadmau5
0%
Sonny John Moore Skrillex
0%
No matching quizzes found
Score Distribution
Percent of People with Each Score
Percentile by Number Answered
Your Score History
You have not taken this quiz